[Event "Chigorin Memorial"]
[Site "St Petersburg"]
[Date "2015.10.07"]
[Round "5.141"]
[White "Tebenkov, Vladislav"]
[Black "Golikov, Sergei"]
[Result "1-0"]
[WhiteElo "2050"]
[BlackElo "1708"]
[PlyCount "63"]
[EventDate "2015.10.03"]
[EventRounds "9"]
[EventCountry "RUS"]

1. e4 e6 2. d4 b6 3. Nf3 Bb7 4. Bd3 Nf6 5. e5 Nd5 6. c3 Be7 7. O-O c5 8. Na3
cxd4 9. cxd4 Bxa3 10. bxa3 h6 11. Bd2 Qe7 12. Qb3 Ba6 13. Rfc1 Bxd3 14. Rc8+
Qd8 15. Rxd8+ Kxd8 16. Qxd3 Nc6 17. Qe4 Kc7 18. Ne1 f5 19. exf6 gxf6 20. Nd3 a5
21. Nf4 Nxf4 22. Bxf4+ Kb7 23. d5 exd5 24. Qxd5 Rh7 25. Rb1 Re7 26. Be3 Rae8
27. Rxb6+ Kc7 28. Qb5 Rxe3 29. Rb7+ Kd6 30. fxe3 Rxe3 31. Qb2 Ne5 32. Qd4+ 1-0

[Event "Chigorin Memorial"]
[Site "St Petersburg"]
[Date "2015.10.07"]
[Round "5.142"]
[White "Kiseleva, Ekaterina"]
[Black "Malyshev, Grigory"]
[Result "1/2-1/2"]
[WhiteElo "1859"]
[BlackElo "2293"]
[PlyCount "98"]
[EventDate "2015.10.03"]
[EventRounds "9"]
[EventCountry "RUS"]

1. e4 c6 2. d4 d5 3. exd5 cxd5 4. Bd3 Nc6 5. c3 Qc7 6. h3 Nf6 7. Nf3 g6 8. O-O
Bf5 9. Re1 Bxd3 10. Qxd3 Bg7 11. Nbd2 O-O 12. Ne5 Rfe8 13. Ndf3 Rad8 14. Bf4
Qb6 15. Qc2 Nxe5 16. Nxe5 Rc8 17. Qb3 e6 18. Nd3 Nd7 19. Qxb6 axb6 20. Nb4 Bf8
21. Nc2 f6 22. Re2 Kf7 23. Rae1 b5 24. a3 Nb6 25. Bg3 Nc4 26. Ne3 Na5 27. Nc2
Nc6 28. f4 Rcd8 29. Kf2 Na7 30. Ne3 Nc8 31. Nf1 Nd6 32. Nd2 h5 33. Kf3 Bh6 34.
Bf2 g5 35. g3 f5 36. h4 gxh4 37. gxh4 Ne4 38. Nf1 Rg8 39. Ne3 Rg4 40. Nxg4
hxg4+ 41. Ke3 g3 42. Bg1 Rg8 43. Kf3 Kg6 44. Be3 Kh5 45. Bc1 Rg4 46. Rh1 Nf2
47. Rg1 Ne4 48. Ree1 Bf8 49. Be3 Be7 1/2-1/2

[Event "Chigorin Memorial"]
[Site "St Petersburg"]
[Date "2015.10.07"]
[Round "5.143"]
[White "Lazhevskaya, Zhanni"]
[Black "Polozhentsev, Maksim"]
[Result "1-0"]
[WhiteElo "2098"]
[BlackElo "1897"]
[PlyCount "81"]
[EventDate "2015.10.03"]
[EventRounds "9"]
[EventCountry "RUS"]

1. e4 c5 2. Nf3 Nc6 3. d4 cxd4 4. Nxd4 Nf6 5. Nc3 g6 6. Be3 Bg7 7. Nxc6 bxc6 8.
e5 Ng8 9. Bd4 f6 10. exf6 Nxf6 11. Bc4 d5 12. Bb3 Qd6 13. Qe2 O-O 14. Be5 Qd8
15. O-O-O e6 16. f3 Qe7 17. g4 Bh6+ 18. Kb1 Nd7 19. Bd4 Bb7 20. h4 Rae8 21. g5
Bg7 22. Bxg7 Kxg7 23. h5 e5 24. Qh2 Rh8 25. f4 e4 26. Ne2 Nc5 27. Qf2 e3 28.
Qf3 Nxb3 29. axb3 c5 30. f5 d4 31. f6+ Kg8 32. Qh3 Qe6 33. Rdf1 Kf7 34. Qg3 Qe5
35. hxg6+ hxg6 36. Qxe5 Rxe5 37. Rxh8 Ba6 38. Rh7+ Kf8 39. Nf4 Bxf1 40. Nxg6+
Kg8 41. Rg7# 1-0

[Event "Chigorin Memorial"]
[Site "St Petersburg"]
[Date "2015.10.07"]
[Round "5.144"]
[White "Yakimenko, Alexander A"]
[Black "Rovnov, Vladislav"]
[Result "1-0"]
[WhiteElo "2090"]
[BlackElo "1895"]
[PlyCount "91"]
[EventDate "2015.10.03"]
[EventRounds "9"]
[EventCountry "RUS"]

1. e4 e6 2. d4 d5 3. Nc3 Bb4 4. e5 Ne7 5. a3 Bxc3+ 6. bxc3 c5 7. Nf3 h6 8. a4
b6 9. Bb5+ Bd7 10. O-O Bxb5 11. axb5 a5 12. Ba3 Nd7 13. c4 dxc4 14. dxc5 Nxc5
15. Qe2 Qc7 16. Qxc4 Rc8 17. Rfd1 O-O 18. Rd6 Qb7 19. Qe2 Rc7 20. Nd4 Rfc8 21.
Re1 Nf5 22. Nxf5 exf5 23. Qh5 Ne4 24. Qxf5 Nxd6 25. exd6 Rd7 26. h4 Rcd8 27.
Qe5 Qc8 28. Re3 f6 29. Qd5+ Kh8 30. c4 Re8 31. Qc6 Red8 32. h5 Kh7 33. Qd5 Re8
34. Qc6 Red8 35. Qd5 Re8 36. Qc6 Red8 37. Qe4+ Kh8 38. Qe6 Kh7 39. Qf5+ Kh8 40.
Qe6 Kh7 41. g4 Qb8 42. Rd3 Qc8 43. Qd5 Re8 44. Re3 Red8 45. Re6 Re8 46. Qe4+
1-0

[Event "Chigorin Memorial"]
[Site "St Petersburg"]
[Date "2015.10.07"]
[Round "5.145"]
[White "Zemnitskiy, Alexander"]
[Black "Soldatov, Arnold"]
[Result "1/2-1/2"]
[WhiteElo "1856"]
[BlackElo "2085"]
[PlyCount "111"]
[EventDate "2015.10.03"]
[EventRounds "9"]
[EventCountry "RUS"]

1. e4 c5 2. Nf3 d6 3. d4 cxd4 4. Nxd4 Nf6 5. Nc3 a6 6. Be2 e6 7. Be3 Qc7 8. O-O
Be7 9. f4 O-O 10. f5 Nc6 11. Kh1 Ne5 12. a4 Nc4 13. Bc1 d5 14. exd5 Nxd5 15.
Nxd5 exd5 16. Bf4 Qd8 17. b3 Nd6 18. Bf3 Nxf5 19. Nxf5 Bxf5 20. Qxd5 Qxd5 21.
Bxd5 Bxc2 22. Rac1 Rad8 23. Rxc2 Rxd5 24. Rc7 Bb4 25. Rxb7 a5 26. Rb5 Rd7 27.
Rc1 f6 28. h4 Re8 29. Rc7 Ree7 30. Rxd7 Rxd7 31. Be3 Rd1+ 32. Kh2 Rd3 33. Bb6
Rxb3 34. Bxa5 Bd6+ 35. Kg1 Ra3 36. Bb4 Bxb4 37. Rxb4 g6 38. Kf2 h5 39. g4 hxg4
40. Rxg4 Kh7 41. Rf4 Kh6 42. Rxf6 Rxa4 43. Kg3 Kh5 44. Rf8 Rg4+ 45. Kh3 Rxh4+
46. Kg3 Rg4+ 47. Kh3 Rg1 48. Rh8+ Kg5 49. Ra8 Rb1 50. Ra5+ Kh6 51. Ra3 g5 52.
Kg4 Rg1+ 53. Kh3 Kh5 54. Kh2 Rc1 55. Kg3 Rc4 56. Rb3 1/2-1/2

[Event "Chigorin Memorial"]
[Site "St Petersburg"]
[Date "2015.10.07"]
[Round "5.146"]
[White "Chekletsov, Egor"]
[Black "Martynov, Petr"]
[Result "1-0"]
[WhiteElo "2082"]
[BlackElo "1889"]
[PlyCount "65"]
[EventDate "2015.10.03"]
[EventRounds "9"]
[EventCountry "RUS"]

1. e4 e6 2. d4 d5 3. e5 c5 4. c3 Qb6 5. Nf3 Nc6 6. a3 c4 7. Nbd2 Na5 8. g3 Bd7
9. Bg2 O-O-O 10. O-O Kb8 11. Re1 Qc7 12. Rb1 h6 13. h4 Ne7 14. Nf1 Nc8 15. N3h2
Nb6 16. f4 Be7 17. Re2 Rdg8 18. Rf2 Qc8 19. Nf3 Qe8 20. Qe2 f6 21. exf6 gxf6
22. Bd2 Qg6 23. Re1 Rh7 24. Bh3 e5 25. Bxd7 Nxd7 26. fxe5 fxe5 27. Nxe5 Nxe5
28. Qxe5+ Bd6 29. Qxd5 Bxg3 30. Rg2 Bxe1 31. Qxg8+ Qxg8 32. Rxg8+ Kc7 33. Bxe1
1-0

[Event "Chigorin Memorial"]
[Site "St Petersburg"]
[Date "2015.10.07"]
[Round "5.147"]
[White "Caglar, Sila"]
[Black "Kakadzhanov, Timur"]
[Result "1/2-1/2"]
[WhiteElo "1804"]
[BlackElo "2082"]
[PlyCount "105"]
[EventDate "2015.10.03"]
[EventRounds "9"]
[EventCountry "RUS"]

1. e4 e6 2. d4 d5 3. Nd2 Nf6 4. Bd3 dxe4 5. Nxe4 Nxe4 6. Bxe4 Nd7 7. Qf3 c6 8.
Ne2 Nf6 9. Bd3 Be7 10. Bg5 Nd5 11. Bxe7 Qxe7 12. O-O-O Bd7 13. a3 Rc8 14. c4
Nf6 15. Nc3 O-O 16. g4 c5 17. dxc5 Qxc5 18. Kb1 Bc6 19. Ne4 Nxe4 20. Bxe4 Qxc4
21. Bxc6 bxc6 22. Rc1 Qb5 23. Qe3 Rb8 24. Rc2 Rb6 25. Rhc1 Rfb8 26. Qd4 Qa6 27.
Ka1 h6 28. Qd6 Qb5 29. Qd4 Ra6 30. Qc5 Qb3 31. Qc4 Qb7 32. Qc5 Rb6 33. Qc3 c5
34. Rb1 Qe4 35. f3 Qf4 36. Qxc5 Qxf3 37. Qc4 Qf6 38. Qc3 Qg6 39. Qc4 Rd6 40.
Rc3 Rbd8 41. h3 Rd3 42. Qc7 Qe4 43. Rxd3 Qxd3 44. h4 Rd4 45. Qb8+ Kh7 46. Qxa7
Rxg4 47. Qxf7 Qe4 48. h5 Qe5 49. Rf1 Rg5 50. Rh1 Rg3 51. Qe7 Rg5 52. Qf7 Qd5
53. Re1 1/2-1/2

[Event "Chigorin Memorial"]
[Site "St Petersburg"]
[Date "2015.10.07"]
[Round "5.148"]
[White "Kochetkov, Victor N"]
[Black "Sorokopudov, Vladimir M"]
[Result "1-0"]
[WhiteElo "1853"]
[BlackElo "2078"]
[PlyCount "195"]
[EventDate "2015.10.03"]
[EventRounds "9"]
[EventCountry "RUS"]

1. Nc3 d5 2. d4 Nf6 3. f3 Bf5 4. g4 Bg6 5. Bf4 e6 6. Nb5 Na6 7. e3 c6 8. Nc3
Nb4 9. Rc1 Qa5 10. Qd2 b5 11. a3 Na6 12. h4 h6 13. h5 Bh7 14. Bd3 Be7 15. Nge2
Nb8 16. Kf2 Nbd7 17. Rcg1 Qb6 18. g5 hxg5 19. Rxg5 Bf8 20. Rh2 a6 21. Bxh7 Nxh7
22. Rg1 Nhf6 23. Rgh1 c5 24. h6 cxd4 25. exd4 O-O-O 26. Kg2 gxh6 27. Na2 Rg8+
28. Kf1 h5 29. Nb4 Kb7 30. Nd3 Bd6 31. Ne5 Rg7 32. Rg2 Rxg2 33. Kxg2 Rg8+ 34.
Kf1 Rg7 35. Qd3 Qc7 36. Qc3 Nb6 37. Qd3 Nc4 38. Qc3 Ka7 39. Rh2 Kb7 40. Ke1 a5
41. Kf1 Rh7 42. Rh3 h4 43. Nxc4 Bxf4 44. Nxa5+ Ka6 45. Nc6 Bd6 46. Nb4+ Kb6 47.
Qxc7+ Bxc7 48. Nd3 Bd6 49. Ne5 Bxe5 50. dxe5 Nd7 51. f4 Nc5 52. Nd4 Ne4 53. Nf3
Ng3+ 54. Kf2 Nf5 55. Ng5 Rg7 56. Rd3 Ng3 57. Kf3 Nf5 58. Rc3 h3 59. Kg4 h2 60.
Rh3 Ne3+ 61. Kf3 Nxc2 62. Rxh2 Nd4+ 63. Ke3 Nf5+ 64. Kd3 Rg6 65. Re2 Rh6 66.
Kc3 Rh4 67. Rf2 Rg4 68. Nxf7 Rg3+ 69. Kd2 Kc6 70. Ng5 Kd7 71. Rh2 Nd4 72. Rf2
Rb3 73. Kc1 Re3 74. Kb1 Re1+ 75. Ka2 Ne2 76. Kb3 Nd4+ 77. Kb4 Rc1 78. Ka5 Rc6
79. Rh2 Rc4 80. Rh3 Kc6 81. b4 Kd7 82. f5 Nxf5 83. Kxb5 Nd4+ 84. Ka5 Rc8 85. b5
Ra8+ 86. Kb4 Nc2+ 87. Kc5 Rc8+ 88. Kb6 Rb8+ 89. Ka6 Ra8+ 90. Kb7 Rxa3 91. Rh7+
Ke8 92. Nxe6 Nb4 93. b6 Re3 94. Nc7+ Kf8 95. e6 d4 96. Rf7+ Kg8 97. Rd7 d3 98.
e7 1-0

[Event "Chigorin Memorial"]
[Site "St Petersburg"]
[Date "2015.10.07"]
[Round "5.150"]
[White "Morozov, Boris"]
[Black "Gantsevich, Aleksei"]
[Result "1/2-1/2"]
[WhiteElo "1770"]
[BlackElo "2036"]
[PlyCount "107"]
[EventDate "2015.10.03"]
[EventRounds "9"]
[EventCountry "RUS"]

1. e4 c5 2. Nf3 e6 3. Nc3 a6 4. d4 cxd4 5. Nxd4 Qc7 6. a3 Nf6 7. Be2 Be7 8. Be3
d6 9. f4 O-O 10. O-O b5 11. Bf3 Bb7 12. e5 dxe5 13. Bxb7 Qxb7 14. fxe5 Nd5 15.
Qf3 Nd7 16. Nxd5 exd5 17. Qg3 Bc5 18. e6 fxe6 19. Nxe6 Bxe3+ 20. Qxe3 Rxf1+ 21.
Rxf1 Re8 22. Qf2 Nf6 23. Nd4 Qd7 24. c3 Ne4 25. Qf4 g6 26. h4 h5 27. Nc2 Kg7
28. Nb4 a5 29. Nd3 Qe7 30. Nf2 Qc5 31. Kh2 Qe7 32. Nd1 Qe6 33. Rf3 a4 34. Nf2
Nf6 35. Nh3 Ng4+ 36. Kg3 Qe1+ 37. Nf2 Nh6 38. Qd4+ Qe5+ 39. Qxe5+ Rxe5 40. Rd3
Nf5+ 41. Kh3 Kf6 42. g4 Ne3 43. gxh5 gxh5 44. Rd4 Nc4 45. Nd3 Re3+ 46. Kg2 Re8
47. Kf2 Rd8 48. Ke2 Re8+ 49. Kf2 Ne5 50. Nf4 Ng4+ 51. Kf1 Ne3+ 52. Kf2 Ng4+ 53.
Kf1 Ne3+ 54. Kf2 1/2-1/2

[Event "Chigorin Memorial"]
[Site "St Petersburg"]
[Date "2015.10.07"]
[Round "5.152"]
[White "Senkevich, Konstantin"]
[Black "Kashin, Yury"]
[Result "0-1"]
[WhiteElo "2005"]
[BlackElo "1848"]
[PlyCount "118"]
[EventDate "2015.10.03"]
[EventRounds "9"]
[EventCountry "RUS"]

1. e4 e6 2. d4 d5 3. Bd3 c5 4. exd5 exd5 5. Qe2+ Be6 6. Bf5 Qd7 7. Nf3 Nc6 8.
O-O O-O-O 9. Bxe6 fxe6 10. c3 Re8 11. Bf4 Bd6 12. Bxd6 Qxd6 13. dxc5 Qxc5 14.
Ne5 Nh6 15. Nd2 Nxe5 16. Qxe5 Qc7 17. Nf3 Rhf8 18. Qxc7+ Kxc7 19. Rfe1 Nf7 20.
Rad1 a6 21. Nd4 Nd8 22. Re3 Rf6 23. Rde1 h6 24. g3 g5 25. Rf3 Ref8 26. Kg2 Kd6
27. Rxf6 Rxf6 28. Nf3 Nc6 29. Rd1 b5 30. Nd4 Ne5 31. Rd2 g4 32. Re2 h5 33. Rd2
Nc4 34. Rc2 e5 35. Ne2 Rf3 36. h3 Rd3 37. hxg4 hxg4 38. b3 Na3 39. Rb2 Rd1 40.
f3 gxf3+ 41. Kxf3 a5 42. g4 Rd3+ 43. Kf2 Ke6 44. Ke1 Kf6 45. Rd2 Rxd2 46. Kxd2
Kg5 47. Nc1 Kxg4 48. Nd3 e4 49. Ne5+ Kf4 50. Nc6 a4 51. Kc1 e3 52. Nd4 axb3 53.
axb3 Ke4 54. Kb2 b4 55. Ne2 Kd3 56. Nf4+ Kd2 57. c4 d4 58. c5 e2 59. c6 e1=Q
0-1

[Event "Chigorin Memorial"]
[Site "St Petersburg"]
[Date "2015.10.07"]
[Round "5.153"]
[White "Kiseleva, Arina"]
[Black "Belkina, Yulia"]
[Result "1-0"]
[WhiteElo "1998"]
[BlackElo "1847"]
[PlyCount "103"]
[EventDate "2015.10.03"]
[EventRounds "9"]
[EventCountry "RUS"]

1. d4 Nf6 2. Nf3 g6 3. c4 Bg7 4. Nc3 d6 5. e4 O-O 6. Be2 Nbd7 7. O-O e5 8. Re1
Re8 9. Bf1 exd4 10. Nxd4 Nc5 11. f3 Nfd7 12. Be3 a6 13. Qd2 Ne5 14. Bg5 f6 15.
Bh4 Ne6 16. Rad1 Nxd4 17. Qxd4 Be6 18. c5 g5 19. Bf2 dxc5 20. Qxc5 Qe7 21. Nd5
Qxc5 22. Bxc5 Bxd5 23. Rxd5 c6 24. Rdd1 b5 25. Kf2 Bf8 26. Bxf8 Kxf8 27. g3
Rad8 28. b4 g4 29. f4 Nf3 30. Rxd8 Rxd8 31. Re2 Rd4 32. h3 h5 33. hxg4 hxg4 34.
Bg2 Rxb4 35. Bxf3 gxf3 36. Kxf3 c5 37. e5 fxe5 38. Rxe5 c4 39. f5 Kf7 40. g4
Rb1 41. Kf4 c3 42. Rc5 Rb4+ 43. Kf3 Ra4 44. Rxc3 Rxa2 45. g5 Ra1 46. Rc7+ Kf8
47. g6 b4 48. Rb7 b3 49. Rxb3 Kg7 50. Rb7+ Kf6 51. Rf7+ Ke5 52. g7 1-0

[Event "Chigorin Memorial"]
[Site "St Petersburg"]
[Date "2015.10.07"]
[Round "5.154"]
[White "Sapegin, Yaroslav"]
[Black "Ustich, Ekaterina"]
[Result "1/2-1/2"]
[WhiteElo "1769"]
[BlackElo "1996"]
[PlyCount "106"]
[EventDate "2015.10.03"]
[EventRounds "9"]
[EventCountry "RUS"]

1. d4 Nf6 2. Nf3 e6 3. g3 b6 4. Bg2 Bb7 5. O-O Be7 6. c4 O-O 7. Bf4 d6 8. Nc3
Nbd7 9. Qc2 h6 10. Rfd1 Qc8 11. Rac1 Rd8 12. Qb1 Nf8 13. Bh3 Qb8 14. Bg2 Ng6
15. b4 Nxf4 16. gxf4 c5 17. bxc5 dxc5 18. dxc5 Rxd1+ 19. Rxd1 Bxc5 20. e3 Qc8
21. Ne5 Bxg2 22. Kxg2 Qb7+ 23. Kg1 Be7 24. Qb5 Rc8 25. Na4 Qc7 26. Nb2 Bd6 27.
Nbd3 Ne4 28. Rc1 Bxe5 29. Nxe5 Nd6 30. Qb3 Qc5 31. Qa4 b5 32. Qa5 bxc4 33. Qxc5
Rxc5 34. Rd1 Rd5 35. Rc1 a6 36. Rc2 Kf8 37. Nxc4 Rc5 38. Na3 Ra5 39. Nb1 Ke7
40. f3 Kd7 41. Nd2 Rb5 42. Nb3 Nb7 43. Kf2 Rb6 44. Ke2 Rc6 45. Kd3 Rxc2 46.
Kxc2 Kc6 47. Kc3 Nd6 48. Kb4 Kb6 49. a4 Nb7 50. e4 g6 51. e5 h5 52. h4 a5+ 53.
Kc4 Kc6 1/2-1/2

[Event "Chigorin Memorial"]
[Site "St Petersburg"]
[Date "2015.10.07"]
[Round "5.155"]
[White "Kuryshev, Ivan"]
[Black "Chechetko, Georgy"]
[Result "1-0"]
[WhiteElo "1989"]
[BlackElo "1827"]
[PlyCount "103"]
[EventDate "2015.10.03"]
[EventRounds "9"]
[EventCountry "RUS"]

1. d4 Nf6 2. c4 g6 3. Nc3 Bg7 4. e4 d6 5. Nf3 O-O 6. Be2 e5 7. d5 Nh5 8. g3 a5
9. O-O Na6 10. Be3 Nf6 11. Nd2 Nc5 12. a3 Ne8 13. b4 axb4 14. axb4 Rxa1 15.
Qxa1 Na6 16. Qa3 f5 17. f3 f4 18. Bf2 fxg3 19. hxg3 Qg5 20. Rd1 Nf6 21. Nf1 Nh5
22. Be3 Qe7 23. c5 Bh3 24. Kf2 g5 25. Nh2 g4 26. c6 gxf3 27. Bxf3 Nf6 28. Ke2
Nb8 29. b5 bxc6 30. dxc6 h5 31. Qb3+ Be6 32. Qb4 Ng4 33. Nxg4 hxg4 34. Bg2 Bf6
35. Nd5 Bxd5 36. exd5 Qg7 37. Qe4 Bd8 38. Ra1 Bf6 39. Ra4 Bg5 40. Qxg4 Bxe3 41.
Qxg7+ Kxg7 42. Kxe3 Rh8 43. Ra7 Rh2 44. Rxc7+ Kf6 45. Be4 Rb2 46. Rb7 Rb3+ 47.
Bd3 e4 48. Kxe4 Rb4+ 49. Ke3 Na6 50. bxa6 Rf4 51. Rf7+ Ke5 52. gxf4+ 1-0

[Event "Chigorin Memorial"]
[Site "St Petersburg"]
[Date "2015.10.07"]
[Round "5.156"]
[White "Bubnov, Kirill"]
[Black "Gantsevich, Dmitry"]
[Result "1-0"]
[WhiteElo "1988"]
[BlackElo "1818"]
[PlyCount "133"]
[EventDate "2015.10.03"]
[EventRounds "9"]
[EventCountry "RUS"]

1. d4 d5 2. c4 Nf6 3. Nc3 c6 4. Nf3 a6 5. c5 g6 6. h3 Bg7 7. Bf4 O-O 8. e3 Nbd7
9. Bd3 Ne8 10. O-O e5 11. Nxe5 Nxe5 12. Bxe5 Bxe5 13. dxe5 Qe7 14. Na4 Qxe5 15.
Nb6 Rb8 16. b4 Nf6 17. Qd2 Nd7 18. f4 Qe7 19. Nxd7 Bxd7 20. f5 Qg5 21. Rf4 Rbe8
22. Raf1 Bxf5 23. Bxf5 gxf5 24. R1f3 Re5 25. Qf2 Kh8 26. Rxf5 Rxf5 27. Rxf5 Qg7
28. Rf6 Kg8 29. Qf4 Re8 30. Rf5 h6 31. Kh2 Re6 32. Qb8+ Kh7 33. Qxb7 Rg6 34. g4
Qb2+ 35. Kg3 Rf6 36. Qc7 Rxf5 37. gxf5 Kg7 38. h4 Qa1 39. Kf4 Qh1 40. Qe5+ Kg8
41. Qd4 Qxh4+ 42. Ke5 Qe7+ 43. Kf4 Qg5+ 44. Ke5 Qe7+ 45. Kf4 f6 46. a4 Qg7 47.
Kf3 h5 48. Qf4 Kh7 49. Qg3 Qe7 50. Qg6+ Kh8 51. Qxh5+ Kg7 52. Qg6+ Kf8 53. Qh6+
Ke8 54. Qf4 Kd7 55. Ke2 a5 56. Qb8 axb4 57. Qb7+ Kd8 58. Qxc6 Qe5 59. Qb6+ Kc8
60. Qe6+ Qxe6 61. fxe6 Kc7 62. a5 b3 63. Kd2 d4 64. exd4 f5 65. e7 Kd7 66.
e8=Q+ Kxe8 67. a6 1-0

[Event "Chigorin Memorial"]
[Site "St Petersburg"]
[Date "2015.10.07"]
[Round "5.157"]
[White "Permin, Viktor"]
[Black "Levin, Evgeny"]
[Result "1-0"]
[WhiteElo "1978"]
[BlackElo "1813"]
[PlyCount "38"]
[EventDate "2015.10.03"]
[EventRounds "9"]
[EventCountry "RUS"]

1. d4 d5 2. c4 c6 3. cxd5 cxd5 4. Nc3 Nf6 5. Bf4 a6 6. e3 e6 7. Rc1 Nc6 8. Bd3
h6 9. h3 Bd7 10. Nf3 Rc8 11. O-O Na5 12. Ne5 b5 13. Bg6 fxg6 14. Qd3 Ne4 15.
Nxe4 dxe4 16. Qxe4 Qf6 17. Nxd7 Kxd7 18. Rxc8 Kxc8 19. Rc1+ Nc4 1-0

[Event "Chigorin Memorial"]
[Site "St Petersburg"]
[Date "2015.10.07"]
[Round "5.159"]
[White "Skafar, Darya"]
[Black "Khlopushin, Dmitriy"]
[Result "1-0"]
[WhiteElo "1961"]
[BlackElo "1788"]
[PlyCount "71"]
[EventDate "2015.10.03"]
[EventRounds "9"]
[EventCountry "RUS"]

1. e4 e5 2. Nf3 Nc6 3. d4 exd4 4. Nxd4 Bc5 5. Nxc6 Qf6 6. Qd2 bxc6 7. Bd3 Ne7
8. O-O Rb8 9. c3 d6 10. Kh1 h6 11. f4 Qh4 12. f5 Qf6 13. Qf4 Rb6 14. Nd2 Ba6
15. Bxa6 Rxa6 16. Nc4 d5 17. Qxc7 O-O 18. Qb7 Ra4 19. b3 Qxc3 20. Bd2 Rb4 21.
Qd7 Qd3 22. Bxb4 Bxb4 23. exd5 cxd5 24. Rad1 Qe2 25. f6 gxf6 26. a3 Bc3 27. Nd6
d4 28. Nf5 Ng6 29. Nxh6+ Kh7 30. Nxf7 Ne7 31. Qh3+ Kg7 32. Qh6+ Kg8 33. Qh8+
Kxf7 34. Qxf6+ Ke8 35. Qxf8+ Kd7 36. Qf3 1-0

[Event "Chigorin Memorial"]
[Site "St Petersburg"]
[Date "2015.10.07"]
[Round "5.160"]
[White "Sheynin, Izrail"]
[Black "Khatenever, Feliks"]
[Result "1-0"]
[WhiteElo "1957"]
[BlackElo "1767"]
[PlyCount "49"]
[EventDate "2015.10.03"]
[EventRounds "9"]
[EventCountry "RUS"]

1. e4 e5 2. Nf3 d5 3. Nxe5 Bd6 4. d4 dxe4 5. Nc4 Be7 6. Nc3 Nf6 7. Bg5 O-O 8.
Qd2 Nc6 9. O-O-O Bg4 10. Ne2 Nd5 11. Bxe7 Qxe7 12. Ne3 Nxe3 13. fxe3 a5 14. h3
Bxe2 15. Bxe2 Nb4 16. Kb1 Nd5 17. c4 Nb6 18. Rhf1 Qb4 19. Qc2 f5 20. c5 a4 21.
cxb6 Qxb6 22. a3 c6 23. Bc4+ Kh8 24. Be6 c5 25. d5 1-0

[Event "Chigorin Memorial"]
[Site "St Petersburg"]
[Date "2015.10.07"]
[Round "5.161"]
[White "Lemeshev, Roman"]
[Black "Kamnev, Alexander"]
[Result "1/2-1/2"]
[WhiteElo "1763"]
[BlackElo "1951"]
[PlyCount "86"]
[EventDate "2015.10.03"]
[EventRounds "9"]
[EventCountry "RUS"]

1. e4 c5 2. Nf3 Nc6 3. d4 cxd4 4. Nxd4 Nf6 5. Nc3 e5 6. Ndb5 d6 7. Bg5 a6 8.
Na3 b5 9. Nd5 Be7 10. Be2 O-O 11. Nxe7+ Qxe7 12. O-O h6 13. Be3 Be6 14. c4 b4
15. Nc2 Rac8 16. f3 a5 17. b3 Ne8 18. Bd3 Kh8 19. Kh1 f5 20. Qe2 fxe4 21. fxe4
Nf6 22. Qd2 Ng4 23. Be2 Nxe3 24. Qxe3 Qa7 25. Qxa7 Rxf1+ 26. Rxf1 Nxa7 27. Rd1
Rd8 28. c5 Rc8 29. Rxd6 Rxc5 30. Rxe6 Rxc2 31. Bf1 Rxa2 32. Rxe5 a4 33. bxa4 b3
34. Re8+ Kh7 35. Rb8 b2 36. Kg1 Nc6 37. Rb6 Na5 38. e5 Kg8 39. Bd3 Ra3 40. Bg6
Rb3 41. Rxb3 Nxb3 42. Bc2 Nd4 43. Bd3 Nc6 1/2-1/2

[Event "Chigorin Memorial"]
[Site "St Petersburg"]
[Date "2015.10.07"]
[Round "5.162"]
[White "Toporkova, Sofia"]
[Black "Pettersen, Johan"]
[Result "0-1"]
[WhiteElo "1950"]
[BlackElo "1741"]
[PlyCount "126"]
[EventDate "2015.10.03"]
[EventRounds "9"]
[EventCountry "RUS"]

1. d4 Nf6 2. Nf3 g6 3. c4 Bg7 4. Nc3 O-O 5. e4 d6 6. Be2 Na6 7. Be3 e5 8. Nd2
Ng4 9. Bxg4 exd4 10. Bxd4 Bxd4 11. O-O Nc5 12. Bxc8 Qxc8 13. Nd5 Kh8 14. Nb3
Nxb3 15. Qxb3 c6 16. Ne3 Qe6 17. Rfe1 Rae8 18. Nc2 Bb6 19. Qc3+ Qe5 20. Qxe5+
Rxe5 21. Kf1 f5 22. exf5 Rfxf5 23. f3 Kg7 24. Rad1 d5 25. cxd5 Rxd5 26. Rxd5
Rxd5 27. Re7+ Kh6 28. Ke2 Rb5 29. b4 Bd8 30. Re8 Bc7 31. Ra8 a5 32. a4 Re5+ 33.
Kf1 axb4 34. Nxb4 Rc5 35. g3 Rc1+ 36. Kg2 Rc3 37. a5 Rb3 38. a6 Rxb4 39. Rc8
Bb6 40. axb7 Ba7 41. Rxc6 Rxb7 42. h4 Rb2+ 43. Kh3 Bg1 44. g4 Ba7 45. f4 Bb8
46. Rf6 Kg7 47. g5 Rb5 48. h5 Rf5 49. Rb6 Bxf4 50. h6+ Kg8 51. Kg4 Bxg5 52.
Rb8+ Rf8 53. Rxf8+ Kxf8 54. Kxg5 Kf7 55. Kh4 Kf6 56. Kg4 Ke6 57. Kf4 Kd5 58.
Kg4 Ke4 59. Kh3 Kf5 60. Kh4 g5+ 61. Kh5 g4 62. Kh4 Kf4 63. Kh5 g3 0-1

[Event "Chigorin Memorial"]
[Site "St Petersburg"]
[Date "2015.10.07"]
[Round "5.163"]
[White "Khochinsky, Andrey"]
[Black "Petrochenko, Maria"]
[Result "0-1"]
[WhiteElo "1680"]
[BlackElo "1947"]
[PlyCount "100"]
[EventDate "2015.10.03"]
[EventRounds "9"]
[EventCountry "RUS"]

1. d4 d5 2. c4 c6 3. Nf3 Nf6 4. Nc3 dxc4 5. e4 b5 6. e5 Nd5 7. a4 Nxc3 8. bxc3
e6 9. axb5 cxb5 10. Ng5 Bb7 11. Qh5 g6 12. Qg4 Be7 13. Be2 Nd7 14. O-O Nb6 15.
h4 h6 16. Nxe6 fxe6 17. Qxe6 Be4 18. f3 Bf5 19. Qc6+ Qd7 20. Qxd7+ Bxd7 21. f4
Bc6 22. h5 g5 23. f5 Kf7 24. f6 Bf8 25. Bg4 Bd5 26. Bf5 Rg8 27. Bd2 a5 28. Rae1
Re8 29. Bg6+ Rxg6 30. hxg6+ Kxg6 31. f7 Re6 32. Rf2 Nd7 33. Rb1 Rb6 34. Ra1 a4
35. Bc1 Bxf7 36. Ba3 b4 37. Bxb4 Bxb4 38. cxb4 Rxb4 39. Re1 Rb6 40. Ra2 Ra6 41.
Rea1 Nb6 42. Re2 Nd5 43. Rea2 c3 44. Rxa4 Rxa4 45. Rxa4 c2 46. Ra6+ Kf5 47. Rc6
Nb4 48. Rc7 Bd5 49. Kf1 Bc6 50. Rf7+ Ke4 0-1

[Event "Chigorin Memorial"]
[Site "St Petersburg"]
[Date "2015.10.07"]
[Round "5.164"]
[White "Tsyrendashiev, Bato"]
[Black "Babanin, Gleb"]
[Result "0-1"]
[WhiteElo "1631"]
[BlackElo "1941"]
[PlyCount "108"]
[EventDate "2015.10.03"]
[EventRounds "9"]
[EventCountry "RUS"]

1. e4 c5 2. d4 cxd4 3. c3 d5 4. Qxd4 dxe4 5. Qxe4 Nc6 6. Bb5 Qb6 7. Bxc6+ Qxc6
8. Qxc6+ bxc6 9. Nf3 Ba6 10. Bf4 Nf6 11. Nbd2 e6 12. c4 Be7 13. O-O O-O 14.
Rfd1 Nd7 15. Ne4 Nf6 16. Ned2 Rfd8 17. b3 c5 18. Nf1 Ne8 19. Be5 Bb7 20. Ng3 f6
21. Bb2 Nc7 22. Kf1 e5 23. Ke2 Ne6 24. Nf5 Bf8 25. Ne3 g6 26. h4 Bg7 27. Rac1
Nf4+ 28. Kf1 e4 29. Ne1 f5 30. Bxg7 Kxg7 31. g3 Ne6 32. N1g2 Rd4 33. Ke2 Rad8
34. Nf4 Nxf4+ 35. gxf4 Rxd1 36. Rxd1 Rxd1 37. Kxd1 Kf6 38. Kd2 h6 39. Nd5+ Ke6
40. Nc3 Bc6 41. a3 a5 42. a4 g5 43. fxg5 hxg5 44. hxg5 f4 45. g6 Kf6 46. Ne2
e3+ 47. fxe3 f3 48. Nf4 Be4 49. Nd3 Bxd3 50. Kxd3 Kxg6 51. e4 Kg5 52. Ke3 Kg4
53. e5 Kg3 54. e6 f2 0-1

[Event "Chigorin Memorial"]
[Site "St Petersburg"]
[Date "2015.10.07"]
[Round "5.165"]
[White "Ngnegevo, Filipp"]
[Black "Zakharov, Yuri"]
[Result "1-0"]
[WhiteElo "1937"]
[BlackElo "1733"]
[PlyCount "56"]
[EventDate "2015.10.03"]
[EventRounds "9"]
[EventCountry "RUS"]

1. e4 d6 2. d4 Nf6 3. Nc3 g6 4. f3 Bg7 5. Be3 c6 6. Qd2 h5 7. a4 a5 8. Bc4 Qc7
9. Nge2 e5 10. O-O-O Na6 11. Kb1 Bd7 12. dxe5 dxe5 13. f4 Bh6 14. fxe5 Bxe3 15.
Qxe3 Qxe5 16. Rhf1 Be6 17. Bxe6 fxe6 18. Nf4 Rg8 19. Qe2 Nc5 20. Nd3 Nxd3 21.
Qxd3 Rg7 22. Qf3 Nd7 23. h3 b5 24. axb5 cxb5 25. Ne2 Ke7 26. Nd4 Rc8 27. Qd3
Qc7 28. Nxb5 Nc5 1-0